Úroková sadzba a obchody s ňou
Vymedzenie pojmu úrok. Základný vzorec na kalkuláciu úroku pre 1 obdobie. Obchod s úrokovou mierou. Problematika výnosovej krivky.
Guardado en:
| Autor principal: | |
|---|---|
| Formato: | Capítulo de libro |
| Lenguaje: | eslovaco |
| Materias: | |
| Etiquetas: |
Sin Etiquetas, Sea el primero en etiquetar este registro!
|
MARC
| LEADER | 00000naa$a2200000$$$4500 | ||
|---|---|---|---|
| 001 | 0046674 | ||
| 005 | 20231019083920.8 | ||
| 041 | 0 | |a slo | |
| 044 | |a SK | ||
| 245 | 1 | 0 | |a Úroková sadzba a obchody s ňou |c Juraj Minár |
| 520 | |a Vymedzenie pojmu úrok. Základný vzorec na kalkuláciu úroku pre 1 obdobie. Obchod s úrokovou mierou. Problematika výnosovej krivky. | ||
| 610 | 2 | 0 | |a sadzby úrokové |
| 610 | 2 | 0 | |a miera úroková |
| 610 | 2 | 0 | |a kalkulácia |
| 610 | 2 | 0 | |a trh kapitálový |
| 610 | 2 | 0 | |a obchod |
| 610 | 2 | 0 | |a výnosy |
| 100 | 1 | |a Minár, Juraj | |